Instructor's Manual and Key for Mastering DOS : (Record no. 22390)

000 -LEADER
fixed length control field 00582cam a2200181 a 4500
020 ## - INTERNATIONAL STANDARD BOOK NUMBER
ISBN 0028001567
040 ## - CATALOGING SOURCE
Transcribing agency DLC
082 00 - DEWEY DECIMAL CLASSIFICATION NUMBER
Classification number 005 HER 1992 C284 Or.
100 1# - MAIN ENTRY--AUTHOR NAME
Personal name Schildt, Herbert
245 10 - TITLE STATEMENT
Title Instructor's Manual and Key for Mastering DOS :
Remainder of title the complete reference /
300 ## - PHYSICAL DESCRIPTION
Number of Pages xxv, 949 pages ;
Dimensions 24 cm
500 ## - GENERAL NOTE
General note Includes index.
650 #0 - SUBJECT ADDED ENTRY--TOPICAL TERM
Topical Term C# (Computer program language)
710 2# - ADDED ENTRY--CORPORATE NAME
Corporate name or jurisdiction name as entry element O'Reilly (Firm)
710 2# - ADDED ENTRY--CORPORATE NAME
Corporate name or jurisdiction name as entry element Serials Solutions
856 40 - ELECTRONIC LOCATION AND ACCESS
Uniform Resource Identifier https://ezproxy.spl.org/login?url=https://learning.oreilly.com/library/view/~/9780071741163/?ar
942 ## - ADDED ENTRY ELEMENTS (KOHA)
Koha item type ADB
952 ## - LOCATION AND ITEM INFORMATION (KOHA)
Withdrawn status [LOCAL, KOHA] 0
Holdings
Permanent Location Date acquired Koha item type Lost status Shelving location Barcode Current Location Full call number
Library Block C2023-12-11ADB C284a16655Library Block C005 HER 1992 C284 Or.
មជ្ឈមណ្ឌលឯការនៃសាកលវិទ្យាល័យភូមិន្ទកសិកម្មចំការដូង

Powered by Koha